1614 1311 1186 1543 1090 1691 1486 1105 1052 1062 1608 1069 1118 1291 1932 1268 1584 1682 1384 1821 1547 1585 1412 1005 1745 1249 1128 1139 1579 1656 1755 1057 1505 1109 1964 1362 1443 1545 1637 1320 1618 1734 1889 1994 1304 1979 1574 1398 1776 1967 1439 1250 1276 1737 1344 1293 1626 1708 1901 1983 1351 1264 1998 1003 1171 1512 1299 1491 1557 1487 1284 1864 1809 1425 1274 1915 1369 1551 1843 1139 1525 1624 1413 1399 1343 1872 1667 1538 1307 1185 1371 1206 1280 1106 1311 1137 1897 1660 1876 BCNSPRNW ULIB Ver.6.0+V

เปลี่ยนเป็นภาษาไทย

Change to English
 แสดงรายละเอียดบรรณานุกรม
  กลับหน้าหลัก

Brief Record : Get Marc (ISO 2709) : E-mail record : QR code < ปิดหน้าต่าง
LEADER : 00000nam 2200000uu 4500
001    13399120752
003     ULIB
008    121009s2552||||th 000 0 tha d
020    ^a9786165510110
060 04 ^aWC500^bน243ก
100 0  ^aนรินทร์ หิรัญสุทธิกุล
245 10 ^aการติดเชื้อไวรัสตับอักเสบบีไวรัสตับอักเสบซีและเอชไอวีในบุคลากรทางการแพทย์จากการทำงาน :^bระบาดวิทยาและการป้องกัน /^cนรินทร์ หิรัญสุทธิกุล
250    ^aพิมพ์ครั้งที่ 1
260    ^aกรุงเทพฯ :^bเท็กซ์ แอนด์ เจอร์นัล พับลิเคชั่น,^c2552
300    ^axvii, 272 หน้า :^bภาพประกอบ ;^c26 ซม.
650  7 ^aการติดเชื้อ^xการป้องกันและรั กษา
650  7 ^aการติดเชื้อในโรงพยาบาล^xการป้องกันและรักษา
650  7 ^aการติดเชื้อเอชไอวี^xการป้องกันและรักษา
650  7 ^aบุคลากรทางการแพทย์^xการติดเชื้อ^xการป้องกันและรักษา
650  7 ^aไวรัสตับอักเสบซี^xการติดเชื้อ^xการป้องกันและรักษา
650  7 ^aไวรัสตับอักเสบบี^xการติดเชื้อ^xการป้องกันและรักษา
945    ^p360^l0^i16456
945    ^p360^l0^i16457
995    ^aทศพร
999    ^aทศพร เกษรทอง
รายการนี้ยังไม่มีแท็ก
คุณยังไม่ได้ล็อกอิน คุณสามารถมีกิจกรรมร่วมกับเว็บไซต์ได้ แต่ต้องล็อกอินก่อน ::
  ล็อกอิน

รายการสื่อสารสนเทศ

ลำดับที่ ประเภท เลขเรียก/บาร์โค้ด สถานที่ สถานะ
- ไม่พบข้อมูล -

รายการใกล้เคียง
    ผู้แต่ง [นรินทร์ หิรัญสุทธิกุล]

BibComment


ยังไม่เคยถูกคอมเมนท์

คอมเมนท์ทรัพยากรรายการนี้
  คอมเมนท์: การติดเชื้อไวรัส..


 Copyright 2026. Bcnsprnw @Library